• 首页
  • 本馆介绍
  • 公告通知
  • 最新文献
  • 馆藏检索
  • 电子资源
  • 读者导购
  • 参考咨询
  • 我的图书馆
  • 登录
  • 详细信息显示
  • 放入我的书架
  • 预约/预借图书
  • 作者相关作品
  • 分类相关作品
  • 丛书相关作品
  • 出版社相关作品

书目信息

  • 表格格式
  • 工作单格式
  • 卡片格式
题名:
三国异史
    
 
作者: 周大荒 原著 ;寒山客 编著
分册: 下  
出版信息: 广州   广东人民出版社  2020.01
页数: 223-458页
开本: 24cm
丛书名:
单 册:
中图分类: K236.09
科图分类:
主题词: 三国时代--古代史--通俗读物
电子资源:
ISBN: 978-7-218-13216-7
000 01051nam0 2200253 450
001 0120192935009
005 20201027102355.73
010    @a978-7-218-13216-7@dCNY44.00,CNY88.00(全2册)
100    @a20200320d2020 em y0chiy50 ea
101 0  @achi
102    @aCN@b440000
105    @ay z 000yy
106    @ar
200 1  @a三国异史@9san guo yi shi@b专著@h下@f周大荒原著@g寒山客编著
210    @a广州@c广东人民出版社@d2020.01
215    @a223-458页@d24cm
330    @a本书起笔于《三国演义》第三十六回“徐庶进曹营”,根据清末民国初年人周大荒的章回体小说改编而成。原书半文半白,现将其改编为纯白话版,并去掉了原书中的交代和评析。《三国异史》原名《反三国演义》,始作于1919年,1924年起在《民德报》连载,历时三年。1930年,上海卿云书局把它结集出版,平装八册,每回都有插图,总共六十回。
333    @a历史爱好者
606 0  @a三国时代@x古代史@j通俗读物
690    @aK236.09@v5
701  0 @a周大荒@9zhou da huang@f(1886-1951)@4原著
702  0 @a寒山客@9han shan ke@4编著
801  0 @aCN@b人天书店@c20200320
905    @b1297205-08@dK236.09@e127:2@f4
    
    三国异史.下/周大荒原著/寒山客编著.-广州:广东人民出版社,2020.01
    223-458页;24cm
    使用对象:历史爱好者
    
    ISBN 978-7-218-13216-7:CNY44.00,CNY88.00(全2册)
    本书起笔于《三国演义》第三十六回“徐庶进曹营”,根据清末民国初年人周大荒的章回体小说改编而成。原书半文半白,现将其改编为纯白话版,并去掉了原书中的交代和评析。《三国异史》原名《反三国演义》,始作于1919年,1924年起在《民德报》连载,历时三年。1930年,上海卿云书局把它结集出版,平装八册,每回都有插图,总共六十回。
●
相关链接 在E读中查询图书 在五车中查询图书 在当当中查询图书 在豆瓣中查询图书


正题名:三国异史     索取号:K236.09/127:2         预约/预借

序号 登录号 条形码 馆藏地/架位号 状态 备注
1 1297205   212972050   第二样本阅览室/ [索取号:K236.09/127:2] 在馆    
2 1297206   212972069   第二借阅区/ [索取号:K236.09/127:2] 在馆    
3 1297207   212972078   第二借阅区/ [索取号:K236.09/127:2] 在馆    
4 1297208   212972087   第二借阅区/ [索取号:K236.09/127:2] 在馆    
唐山师范学院图书馆 欢迎您!
大连网信软件有限公司© 版权所有